000
00280nam a22001337a 4500
008
180306b xxu||||| |||| 00| 0 eng d
020
_a
2900324205717
041
_a
eng
080
_a
330
100
_a
52
101
_a
EKO
245
_a
Economics
_c
Tucker, I.B
942
_2
udc
_c
BK
999
_c
44153
_d
44153